Naciones y nacionalismo desde 1780
Uloženo v:
| Hlavní autor: | |
|---|---|
| Médium: | Kniha |
| Jazyk: | španělština |
| Vydáno: |
Barcelona
Crítica
2004
|
| Vydání: | 2a. ed |
| Edice: | Biblioteca de Bolsillo, 53
|
| Témata: | |
| Tagy: |
Přidat tag
Žádné tagy, Buďte první, kdo vytvoří štítek k tomuto záznamu!
|
MARC
| LEADER | 00000nam a2200000 a 4500 | ||
|---|---|---|---|
| 001 | UCH5787 | ||
| 003 | CL-VaPUC | ||
| 008 | 091029e20040000SP |||||||||||||||||spa|d | ||
| 020 | |a 9788484321354 | ||
| 082 | 0 | 4 | |a 320.54 |b HOB |2 21 |
| 100 | |a Hobsbawm, Eric |e prefacio |9 500134 | ||
| 245 | 1 | 0 | |a Naciones y nacionalismo desde 1780 |
| 250 | |a 2a. ed | ||
| 300 | |a 212 p | ||
| 942 | |c BK | ||
| 945 | |d 20091029 00:00:00 |a rbrito | ||
| 260 | |a Barcelona |b Crítica |c 2004 | ||
| 650 | 7 | |a NACIONALISMO |2 CL-VaPUC |9 542108 | |
| 650 | 0 | |a Ideologías políticas |9 255735 | |
| 650 | 0 | |a Política y gobierno |9 255151 | |
| 650 | 7 | |a FILOSOFIA POLITICA |2 CL-VaPUC |9 542109 | |
| 583 | |a last modification |c 20160913 04:38:21 |k Rodrigo Vera | ||
| 490 | 0 | |a Biblioteca de Bolsillo, 53 | |
| 999 | |c 336834 |d 336832 | ||
| 952 | |0 0 |1 0 |4 0 |6 320_540000000000000_HOB_2004 |7 0 |8 A |9 428817 |a BIBDER |b BIBDER |d 2019-11-22 |i 4612655 |o 320.54 HOB 2004 |p 4612655 |r 2023-01-25 |w 2019-11-22 |y BK |k DER | ||